02124nam a2200469 a 4500008004100000020001800041041000800059092002100067100003100088245006100119250001100180260004900191300002000240500013500260590003800395653002600433653002000459653003000479653002000509653002600529653005500555653004600610653005600656653005400712653003100766653002300797653002500820653002300845653003700868653003000905653003500935653002500970653002500995653001901020653003301039700002901072942001201101999001501113952017901128952017401307952017301481171215s2015 ag f |||| 001 0 spa d a9789871639434 aspa c616.33 l54sMUT1 aMutchinick, Mercedes93452 aSíntomas abdominales crónicos /cMercedes Mutchinick a1a ed. aBuenos Aires:bdelhospital ediciones;c2015. a172 p.c22x15cm aMutchinick, M. y Rubistein, E. (Col.). (2015). Síntomas abdominales crónicos. (1a ed.). Buenos Aires : delhospital ediciones. aDonación del hospital italiano. aDispepsia no ulcerosa aColon irritable aReflujo gastroesofágico aLitiasis biliar aUlcera gastroduodenal aEvaluación y manjo del reflujo gastroesofágico aEvaluación y manejo del colon irritable aEvaluación y manejo de la úlcera gastroduodenal aEvaluación y manejo de la dispepsia no ulcerosa aLitiasis biliar complicada aColecistitis aguda aLitiasis coledociana aPancreatitis aguda aUlcera gastroduodenal complicada aHemorragia digestiva alta aPerforación gastrointestinal aEsófago de Barrett aEnfermedad celíaca aConstipación aTratamientos complementarios1 aRubistein, Esteban93453 2ddccBK c2605d2605 00102ddc40708REFaBFMbBFMcREFd2017-12-15eDonación del Hospital Italianol0o616.33 54 MUTp4106r2017-12-15tEj. 3w2017-12-15yBKzDonación del Hospital Italiano 00102ddc4070aBFMbBFMcCRd2017-12-15eDonación del Hospital Italiano.l0o616.33 54 MUTp4105r2017-12-15tEj. 2w2017-12-15yBKzDonación del Hospital Italiano 00102ddc4070aBFMbBFMcCRd2017-12-15eDonación del Hospital Italianol0o616.33 54 MUTp4104r2017-12-15tEj.1w2017-12-15yBKzDonación del Hospital Italiano.